Les boites de nuit à Lyon - Statistiques

Statistiques générales
  • Ce quiz a été pris 142 fois
  • Le résultat moyen est 7 sur 18
Statistiques - réponses
Réponse % Correct
Azar
92%
Loft
82%
Plouf
74%
Petit Salon
54%
Six
53%
Drungly
52%
Maison
45%
Boston
42%
Sucre
42%
F&K
35%
Docks 40
23%
Selcius
22%
Ayers Rock
19%
BBC
19%
La Ferria
9%
La Marquise
4%
Poupée Russe
4%
Terminal Club
4%
Aucun quiz correspondant
Distribution des résultats
% des personnes avec chaque résultat
Percentile par nombre de réponses
Votre historique - résultats
Vous n’avez pas pris ce quiz